Loading...
| Mythology | 0 | 4 | 0 | 0 | 40 | 56 | 67.25 | 0 | 0 | 14.73 | 19.66 |
| Literature - British | 0 | 3 | 0 | 0 | 30 | 57 | 94.00 | 0 | 0 | 4.13 | 5.50 |
| Fine Arts - Other | 0 | 3 | 1 | 0 | 25 | 88 | 100.67 | 0 | 0 | 3.13 | 5.93 |
| Literature - European | 0 | 2 | 0 | 1 | 20 | 103 | 110.00 | 0 | 0 | 0.00 | 2.62 |
| History - World | 0 | 2 | 0 | 0 | 20 | 92 | 101.50 | 0 | 0 | 0.82 | 5.50 |
| Literature - American | 0 | 2 | 0 | 0 | 20 | 72 | 93.50 | 0 | 0 | 3.02 | 6.94 |
| Literature - World | 0 | 2 | 0 | 0 | 20 | 82 | 98.50 | 1 | 1 | 2.87 | 8.92 |
| Science - Biology | 0 | 2 | 0 | 1 | 20 | 91 | 95.50 | 0 | 0 | 1.68 | 2.72 |
| Science - Chemistry | 0 | 2 | 0 | 0 | 20 | 73 | 89.50 | 0 | 0 | 2.65 | 4.59 |
| Fine Arts - Painting and Sculpture | 0 | 1 | 0 | 0 | 10 | 91 | 91.00 | 0 | 0 | 1.68 | 4.86 |
| Religion | 0 | 1 | 0 | 1 | 10 | 113 | 113.00 | 0 | 0 | 0.00 | 1.28 |
| History - European | 0 | 1 | 0 | 0 | 10 | 98 | 98.00 | 0 | 0 | 0.63 | 1.28 |
| Science - Physics | 0 | 1 | 0 | 1 | 10 | 108 | 108.00 | 0 | 0 | 0.00 | 1.28 |
| Philosophy | 0 | 0 | 0 | 0 | 0 | 0.00 | 0 | 0 | 0.00 | 0.00 | |
| History - Other | 0 | 0 | 0 | 0 | 0 | 0.00 | 0 | 0 | 0.00 | 0.00 |